Estrategias de producción limpia de hortaliza / Jorge E. Jaramillo Noreña y German Rios Gallego (Registro nro. 11093)

Detalles MARC
000 -LEADER
fixed length control field 00610nam a22002051a 4500
001 - CONTROL NUMBER
control field 11093
003 - CONTROL NUMBER IDENTIFIER
control field OSt
005 - DATE AND TIME OF LATEST TRANSACTION
control field 20260204212227.0
008 - FIXED-LENGTH DATA ELEMENTS--GENERAL INFORMATION
fixed length control field 101201s2007||||ck ||||||b||||||||||spa||
020 ## - NUMERO DE LIBRO INTERNACIONAL NORMALIZADO
International Standard Book Number 9789588311401
050 ## - LIBRARY OF CONGRESS CALL NUMBER
Classification number 635 J28e
100 ## - ASIENTO PRINCIPAL -- NOMBRE PERSONAL
Personal name Jaramillo Noreña, Jorge E.
245 ## - TÍTULO PROPIAMENTE DICHO: SUBTÍTULO
Title Estrategias de producción limpia de hortaliza / Jorge E. Jaramillo Noreña y German Rios Gallego
264 ## - PRODUCTION, PUBLICATION, DISTRIBUTION, MANUFACTURE, AND COPYRIGHT NOTICE
Place of production, publication, distribution, manufacture Colombia : Produmedios
300 ## - PHYSICAL DESCRIPTION
Extensión 95 p
500 ## - GENERAL NOTE
General note Incluye bibliografías
650 ## - ASIENTO SECUNDARIO DE MATERIA -- TERMINO TEMÁTICO
Termino Temático Como Elemento de Entrada Hortalizas 2.Cultivos Hortalizas 3.Horticultura
700 ## - ASIENTO SECUNDARIO -- NOMBRE PERSONAL
Personal name Rios Gallego, GermanÌ
942 ## - ADDED ENTRY ELEMENTS (KOHA)
Source of classification or shelving scheme Dewey Decimal Classification
Koha item type Libros
Existencias
Withdrawn status Lost status Source of classification or shelving scheme Damaged status Not for loan Current library Date acquired Full call number Barcode Date last seen Price effective from Koha item type
    Dewey Decimal Classification Descartado para donación   Biblioteca UTECO 09/09/2019 635 J28E 015618 09/09/2019 09/09/2019 Libros
© 2021 Derechos Reservados UTECO - Teléfono: +1 809-585-2291 - Correo electrónico: biblioteca@uteco.edu.do​  
Código postal 43000 ​​
Dirección: Avenida Universitaria No. 100, 
Cotuí, Provincia Sánchez Ramírez, República Dominicana - RNC: 404-00059-6